| 000 | 01032nam a22003017a 4500 | ||
|---|---|---|---|
| 001 | BR9300839 | ||
| 003 | BR-BrBNA | ||
| 005 | 20230928093833.0 | ||
| 007 | ta | ||
| 008 | 230509b bl.||||| |||| 00| 0 por d | ||
| 040 |
_aBR-BrBNA _bpor _cBiblioteca Nacional de Agricultura |
||
| 041 | _a(Por) | ||
| 072 |
_aL51; L02 _b5100 |
||
| 090 | _ 5100 BR9300839 | ||
| 100 | 1 | _aAraujo, L.O.D. de | |
| 110 | 1 |
_aUniversidade Federal de Minas Gerais, Belo Horizonte (Brasil). Escola de Veterinaria _0Tese (Mestrado) |
|
| 245 | 1 | _aComparacao da digestibilidade aparente em equideos, submetidos a dieta composta de concentrado e volumoso, fornecidos com diferentes intervalos de tempo | |
| 260 | 3 |
_aBelo Horizonte, MG (Brasil): _c1992. |
|
| 300 | _a72 p. | ||
| 500 | _aSummaries (Eng, Por); 12 tables; Bibliography p. 67-72 (52 ref.) | ||
| 650 | _aEquino | ||
| 650 | _aDigestibilidade Aparente | ||
| 650 | _aVolumosos | ||
| 650 | _aAlimento Concentrado | ||
| 650 | _aDieta | ||
| 909 |
_a202309 _bLucia _c55 _dLucia Elande |
||
| 942 | _cBK | ||
| 999 |
_c47411 _d47411 |
||